Normal view
MARC view
- John E. Freund
Entry Personal Name
001 - CONTROL NUMBER
- control field: 126005
003 - CONTROL NUMBER IDENTIFIER
- control field: NUST
005 - DATE AND TIME OF LATEST TRANSACTION
- control field: 20240924093107.0
008 - FIXED-LENGTH DATA ELEMENTS
- fixed length control field: 240924|| aca||aabn | a|a d
040 ## - CATALOGING SOURCE
- Original cataloging agency: NUST
- Transcribing agency: NUST
100 ## - HEADING--PERSONAL NAME
- Personal name: John E. Freund
670 ## - SOURCE DATA FOUND
- Source citation: Work cat.: (NUST): John E. Freund, Mathematical Statistics , 1992.
